Регионална библиотека "Любен Каравелов" - Русе

Първа година европейска България : избори и образи (Запис номер 79935)

MARC детайли
000 -Лидер
Контролно поле с фиксирана дължина 02252nam a2200481 c 4500
003 - Код на организацията, давaща контролен номер
Контролно поле BLK
005 - Дата и час на последна редакция
Контролно поле 20250404115900.0
008 - Елементи от данни с фиксирана дължина
fixed length control field 180408b bul|||||r ||||||| ||bul||
010 ## - Наследен системен номер
LC control number KNG00084418000
020 ## - Международен стандартен номер на книга ISBN
Международен стандартен номер на книга ISBN 978-954-535-505-9
-- издат.: Нов бълг. унив.
040 ## - Източник на каталожния запис
Идентификатор на билиотеката - собственик на записа BLK
041 ## - Код за език
Код за езика на текст/звукозапис или на отделно заглавие Български
Код за езика КДБФ Български
072 #7 - Код за тематичната категория
Код организация bullib
Код за тематична категория Е
Текст Картотека "Европейски съюз"
080 ## - УДК
Текстов определител УДК Избори. - Плебисцити. Народно гласуване. Референдуми. Изборна борба. Резултати от избори. Вж и 342. 8
УДК код - определител по УДК 324
УДК определител (497.2)(08)
УДК - код + определител 324(497.2)(08)
080 ## - УДК
Текстов определител УДК Формиране на парламентарно мнозинство
УДК код - определител по УДК 328.12
УДК определител (4-6)(08)
УДК - код + определител 328.12(4-6)(08)
139 ## - Редно поле
Редна дума Първа година европейска България : избори и образи
Авторски знак Пър - П 97
245 10 - Сведения за заглавието
Заглавие Първа година европейска България : избори и образи
Редно поле (дума) състав. Людмила Божидарова Петрова; състав. Толя Ангелова Стоицова.
257 ## - Страна на издаване
Страна на създаване/издаване България
260 ## - Област на издателските данни
-- София
Име на издателя, разпространителя и проч. Нов бълг. унив.
Година на издаване 2008
300 ## - Физическа характеристика
Страници 143 с.
Илюстрации и др. с табл., диагр.
Размери/Мащаб 21 см
380 ## - Жанр
Жанр Обществени науки
490 1# - СЕРИИ (Колекции)
Име на серия Серия Политика
500 ## - Общи забележки
Забележка Библиогр. след отд. статии.
504 ## - Забележка за наличие на библиография и др
Забележка за наличие на библиография и под. след отд. стати
590 ## - Забележки на библиотеката, притежаваща документа (RLIN)
Служебно ф
650 #4 - Допълнително описание по предмет – тема
Основно описание – тема или топоним Избори - България
9 (RLIN) 247738
650 #4 - Допълнително описание по предмет – тема
Основно описание – тема или топоним Европейски парламент
9 (RLIN) 299421
650 #4 - Допълнително описание по предмет – тема
Основно описание – тема или топоним България и Европейски съюз
9 (RLIN) 257539
651 #4 - Допълнително описание по предмет - топоним
Географско понятие България
9 (RLIN) 241624
653 ## - Ключова дума – ненормативна
Ключова дума вътрешна политика
653 ## - Ключова дума – ненормативна
Ключова дума избори
653 ## - Ключова дума – ненормативна
Ключова дума обществени отношения
653 ## - Ключова дума – ненормативна
Ключова дума Европейски парламент
659 ## - Тематичен бюлетин
Тематичен бюлетин Е
700 ## - Други автори (авторска отговорност)
Лично име Петрова, Людмила Божидарова
Дати, свързани с автора 1963 -
Друга информация Журналист
9 (RLIN) 274366
700 1# - Други автори (авторска отговорност)
Лично име Стоицова, Толя Ангелова
Автороска отговорност (Описва отношението между автора и произведението) състав.
9 (RLIN) 372268
852 ## - Местоположение
Форматна сигнатура Цб 240497
856 4# - Електронен адрес и достъп
Електронен формат pdf - файл
Път до файла /url/
856 4# - Електронен адрес и достъп
Електронен формат pdf - файл
Път до файла /url/
942 ## - АРТИКУЛИ
Вид на библиотечния материал Книги
Скрит в OPAC Не
944 ## - СЪЗДАВАНЕ И РЕДАКЦИЯ на ЗАПИСА
Създаване/Редакция Създаване
Дата на регистрацията/редакция 19.06.2008
Служител, извършил регистрацията/редакцията 30560
Статус, дата на статуса Геновева Генчева
944 ## - СЪЗДАВАНЕ И РЕДАКЦИЯ на ЗАПИСА
Създаване/Редакция Редакция
Дата на регистрацията/редакция 10.03.2009
Служител, извършил регистрацията/редакцията
999 ## - СИСТЕМНИ КОНТРОЛНИ НОМЕРА
Koha biblionumber 79935
Koha biblioitemnumber 79935
Наличности
Код за отписване Код за изгубен артикул Код за повреда Коз за рестрикции Код за отдаване Артикулен № Име на библиотеката - собственик Име на библиотеката, в която се намира в момента Статус (Текущо местоположение) Дата на вписване в системата Местоположение - отдел Цена в лева Инвентарен номер Систематично азбучна сигнатура Баркод Номер на екземпляра Цена в евро Служебна бележка Служебен тип на артикула Източник на класификационната схема
Изтеглен Не е изгубен Не е повреден без рестрикции заемане за дома 129351 Регионална библиотека "Любен Каравелов" Русе Регионална библиотека "Любен Каравелов" Русе Заемна - подръчен фонд 2008-06-19 Заемна - подръчен фонд 10.00 120000727314 П 32(497.2)/П 97 120000727314 1 5.11 Дост: Pk Вид: Ф N: 4286 Дата: 04.06.2008 Дата инв: 02.02.2018 Бележки инв: П2018 Книги  
Изтеглен Не е изгубен Не е повреден без рестрикции заемане за дома 129352 Регионална библиотека "Любен Каравелов" Русе Регионална библиотека "Любен Каравелов" Русе Заемна - подръчен фонд 2008-06-19 Заемна - подръчен фонд 10.00 120000727315 П 32(497.2)/П 97 120000727315 2 5.11 Дост: Pk Вид: Ф N: 4286 Дата: 04.06.2008 Дата инв: 02.02.2018 Бележки инв: П2018 Книги  
Изтеглен Не е изгубен Не е повреден без рестрикции ползва се в читалня 129353 Регионална библиотека "Любен Каравелов" Русе Регионална библиотека "Любен Каравелов" Русе Читалня 2008-10-06 Читалня 10.00 120000730343 Ч 32/П 97 120000730343 3 5.11 Дост: Pk Вид: Ф N: 8680 Дата: 03.10.2008 Дата инв: 22.03.2017 Бележки инв: Ч2017 Книги Universal Decimal Classification
  Не е изгубен Не е повреден без рестрикции ползва се в читалня 129354 Регионална библиотека "Любен Каравелов" Русе Регионална библиотека "Любен Каравелов" Русе Хранилище 2009-01-26 Хранилище 10.00 120000733040 Цб 240497 120000733040 4 5.11 Дост: Dp Вид: Д N: 35 Дата: 13.08.2008 Книги  
Vip Innovations Ltd, Rousse, Bulgaria 2025